| 000 | 00505nam a2200181Ia 4500 | ||
|---|---|---|---|
| 999 |
_c295 _d295 |
||
| 008 | 190805s9999||||xx |||||||||||||| ||und|| | ||
| 020 |
_a9781905331611 _c£ 11.50 |
||
| 040 | _aKO | ||
| 082 | 0 | 4 |
_a623.8881 _bSw12 _223 |
| 100 | 1 | _aSwadi, Dhananjay | |
| 245 | 1 | 0 |
_aCargo Notes / _cDhananjay Swadi |
| 250 | _a2nd ed. | ||
| 260 |
_aScotland : _bWitherby Seamanship International Limited, _c2016 |
||
| 300 |
_aviii, 2016 p. _b : col. ill. _c; 18 cm. |
||
| 650 | 0 | _aCargo handling. | |
| 942 | _cBK | ||